Sáng tạo từ sự lộn xộn = Messy
Qua các nghiên cứu tâm lý học và thực tế Tim Harford đã chỉ ra sự kết nối giữa sự lộn xộn và sáng tạo bắt đầu từ: sáng tạo, hợp tác, nơi làm việc, ứng biến, chiến thắng, động cơ, tự động hoá, sự bền bỉ, cuộc sống qua đó cho thâ...
Enregistré dans:
| Format: | Livre |
|---|---|
| Langue: | Undetermined |
| Publié: |
Hà Nội
Nxb. Hà Nội
2019
|
| Sujets: | |
| Tags: |
Ajouter un tag
Pas de tags, Soyez le premier à ajouter un tag!
|
| Thư viện lưu trữ: | Trung tâm Học liệu Trường Đại học Cần Thơ |
|---|
| LEADER | 01103nam a2200205Ia 4500 | ||
|---|---|---|---|
| 001 | CTU_233469 | ||
| 008 | 210402s9999 xx 000 0 und d | ||
| 020 | |c 159000 | ||
| 082 | |a 158.1 | ||
| 082 | |b S106 | ||
| 245 | 0 | |a Sáng tạo từ sự lộn xộn = | |
| 245 | 0 | |b Messy | |
| 245 | 0 | |c Tim Harford ; Ngô Thế Vinh dịch | |
| 260 | |a Hà Nội | ||
| 260 | |b Nxb. Hà Nội | ||
| 260 | |c 2019 | ||
| 520 | |a Qua các nghiên cứu tâm lý học và thực tế Tim Harford đã chỉ ra sự kết nối giữa sự lộn xộn và sáng tạo bắt đầu từ: sáng tạo, hợp tác, nơi làm việc, ứng biến, chiến thắng, động cơ, tự động hoá, sự bền bỉ, cuộc sống qua đó cho thấy cách khuyến khích sự sáng tạo, châm ngòi ý tưởng và khai phá những cơ hội mới trong mọi lĩnh vực cuộc sống | ||
| 650 | |a Psychology, applied | ||
| 910 | |a Tuyến | ||
| 980 | |a Trung tâm Học liệu Trường Đại học Cần Thơ | ||